00551nam a22001577a 450000500170000001000150001702000300003203500140006203700130007608200130008910000260010224501100012826000550023827000790029330000210037220210625144118.0 aENG-129525 c495.00a978-93-5388-270-9 aEN-113057 bDBAD/PUB a658.4012 aBalakrishna, Sidharth aCut to the Chase: A no-nonsense approach towards strategy and problem - solving/cby Sidharth balakrishna aNew Delhi bSage Publications India Pvt. Ltdc2020 bNew Delhi e110044aB1/1-1 Mohan Cooperative Industrial area Mathura road  a268p;c22cm(pbk)